Zawody związane z budownictwem - Statystyki

Ogólne statystyki
  • Ten quiz został rozwiązany 39 razy
  • Średni wynik to 10 z 48
Statystyki odpowiedzi
Odpowiedź % Poprawnych
Elektryk budowlany
79%
Architekt
79%
Murarz
79%
Tynkarz
79%
Hydraulik
69%
Malarz budowlany
66%
Glazurnik (płytkarz)
52%
Cieśla
45%
Dekarz
45%
Kierownik budowy
45%
Stolarz budowlany
41%
Betoniarz
34%
Geodeta
34%
Inżynier budownictwa
34%
Brukarz
28%
Zbrojarz
28%
Spawacz
24%
Pomocnik budowlany
17%
Operator koparki
14%
Posadzkarz
14%
Szklarz
14%
Tapeciarz
14%
Operator dźwigu (żurawia)
10%
Elewator
7%
Kierowca ciężarówki budowlanej
7%
Konstruktor budowlany
7%
Operator walca drogowego
7%
Inspektor nadzoru budowlanego
3%
Instalator klimatyzacji
3%
Cieśla szalunkowy
0%
Kosztorysant budowlany
0%
Montażysta okien i drzwi
0%
Monter instalacji gazowych
0%
Monter instalacji grzewczych i wentylacyjnych
0%
Monter instalacji sanitarnych
0%
Monter konstrukcji budowlanych
0%
Monter paneli i podłóg
0%
Monter rusztowań
0%
Monter sieci wod-kan
0%
Monter suchej zabudowy
0%
Operator ładowarki
0%
Operator równiarki
0%
Piaskarz
0%
Planista budowlany
0%
Posadzkarz żywic
0%
Projektor instalacji sanitarnych / elektrycznych
0%
Specjalista BHP
0%
Technik budownictwa
0%
Nie znaleziono quizów pasujących do podanych kryteriów
Rozkład punktacji
Procent ludzi z każdym wynikiem
Percentyl według liczby udzielonych odpowiedzi
Twoja historia wyników
Nie rozwiązałeś tego quizu